000 00719nam a2200193Ia 4500
999 _c21596
_d21596
082 _aTS.0013
100 _aSeth, Indu
245 0 _aStudy of the effectiveness of educational television on the educational development of primary school children
260 _c1983
_bM.S. University of Baroda
300 _a214p. + C D - 51
650 _aELEMENTARY SCHOOL STUDENTS//SCHOOL CHILDREN
650 _aTELEVISION IN EDUCATION///TELEVISION IN ELEMENTARY EDUCATION
650 _aTELEVISION IN ELEMENTARY EDUCATION
650 _aSCHOOL CHILDREN
650 _aEDUCATION, ELEMENTARY///TELEVISION IN ELEMENTARY EDUCATION
650 _aPRIMARY SCHOOL STUDENTS//SCHOOL CHILDREN
710 _aYadav, M.S.
942 _cTH
_2ddc